Một số chỉ báo về định hướng giá trị của sinh viên các trường đại học hiện nay /

সংরক্ষণ করুন:
গ্রন্থ-পঞ্জীর বিবরন
প্রধান লেখক: Đặng Vũ Cảnh Linh.
বিন্যাস: প্রবন্ধ
ভাষা:Vietnamese
বিষয়গুলি:
ট্যাগগুলো: ট্যাগ যুক্ত করুন
কোনো ট্যাগ নেই, প্রথমজন হিসাবে ট্যাগ করুন!
Thư viện lưu trữ: Thư viện Trường Đại học Đà Lạt
LEADER 00864nam a2200289 4500
001 DLU080063551
005 ##20080923
040 # # |a DLU  |b vie 
041 # # |a vie 
044 # # |a vn 
100 # # |a Đặng Vũ Cảnh Linh. 
245 # # |a Một số chỉ báo về định hướng giá trị của sinh viên các trường đại học hiện nay /  |c Đặng Vũ Cảnh Linh. 
653 # # |a Định hướng 
653 # # |a Giá trị 
653 # # |a Sinh viên 
653 # # |a Trường đại học 
773 # # |t Tạp chí Tâm lý học  |g Số 1, 2008, tr. 42-46. 
920 # # |a Phòng Tạp chí -- Trung tâm Thông tin - Thư viện Trường Đại học Đà Lạt 
933 # # |a XH 
994 # # |a DLU 
900 # # |a True 
911 # # |a Hoàng Thị Huyền 
925 # # |a G 
926 # # |a A 
927 # # |a BB 
980 # # |a Thư viện Trường Đại học Đà Lạt